000 00339nam a22001337a 4500
020 _a978-0-857-53271-8
082 _a823
_bWIL/S
100 _aJACQUELINE WILSON
245 _aTHE STORY OF TRACY BEAKER
260 _aUNITED KINGDOM
_bPENGUIN RANDOM HOUSE
_c2016
300 _a64
650 _aCHILDREN'S STORY BOOK
_zUNITED KINGDOM
942 _cBK
999 _c117
_d117